Teoría general de la población

Saved in:
Bibliografiske detaljer
Hovedforfatter: Sauvy, Alfred (Author)
Format: Bog
Sprog:spansk
Udgivet: Madrid Aguilar 1957
Serier:Biblioteca de ciencias sociales. Sección segunda. Sociología
Fag:
Tags: Tilføj Tag
Ingen Tags, Vær først til at tagge denne postø!

MARC

LEADER 00000nam a2200000 a 4500
001 UCV9338
003 CL-VaPUC
008 920812e19570000SP |||||||||||||||||spa|d
082 0 4 |a 304.6  |b SAU  |2 21 
100 0 |a Sauvy, Alfred  |e author  |9 303332 
245 1 0 |a Teoría general de la población 
300 |a 634 p 
942 |c BK 
945 |d 19920812 00:00:00 
260 |a Madrid  |b Aguilar  |c 1957 
650 0 |a Demografía   |9 260008 
650 0 |a Población  |9 257577 
583 |a last modification  |c 19920812 00:00:00  |k Rodrigo Vera 
490 0 |a Biblioteca de ciencias sociales. Sección segunda. Sociología 
999 |c 214692  |d 214690 
952 |0 0  |1 0  |4 0  |6 304_600000000000000_SAU_1957  |7 0  |8 P  |9 198329  |a BIBARQ  |b BIBARQ  |d 2019-11-14  |i 2658232  |o 304.6 SAU 1957  |p 2658232  |r 2025-01-20  |w 2019-11-14  |y BK  |k ARQ